| 000 -LEADER |
| fixed length control field |
00661cam a22002171 4500 |
| 001 - CONTROL NUMBER |
| control field |
275221 |
| 005 - DATE AND TIME OF LATEST TRANSACTION |
| control field |
20180130044149.0 |
| 008 - FIXED-LENGTH DATA ELEMENTS--GENERAL INFORMATION |
| fixed length control field |
731023s1946 nyuc b 000 0 eng |
| 010 ## - LIBRARY OF CONGRESS CONTROL NUMBER |
| LC control number |
46005298 |
| 040 ## - CATALOGING SOURCE |
| Original cataloging agency |
DLC |
| Transcribing agency |
DLC |
| Modifying agency |
DLC |
| 041 1# - LANGUAGE CODE |
| Language code of text/sound track or separate title |
eng |
| 080 ## - UNIVERSAL DECIMAL CLASSIFICATION NUMBER |
| Universal Decimal Classification number |
316 GER |
| 082 ## - DEWEY DECIMAL CLASSIFICATION NUMBER |
| Classification number |
316 GER |
| 100 1# - Rafti |
| Rafti |
50 |
| 101 ## - Shkurtesa |
| Shkurtesa |
SOC |
| 240 10 - UNIFORM TITLE |
| Uniform title |
<a href="Selected works.">Selected works.</a> |
| Language of a work |
English |
| 245 10 - TITLE STATEMENT |
| Title |
From Max Weber: Essays in sociology. |
| Statement of responsibility, etc |
Translated, edited, and with an introduction, by H. H. Gerth and C. Wright Mills. |
| 504 ## - BIBLIOGRAPHY, ETC. NOTE |
| Bibliography, etc |
Bibliographical references included in "Notes" (p. 445-467) |
| 906 ## - LOCAL DATA ELEMENT F, LDF (RLIN) |
| a |
7 |
| b |
cbc |
| c |
orignew |
| d |
u |
| e |
ocip |
| f |
19 |
| g |
y-gencatlg |
| 942 ## - ADDED ENTRY ELEMENTS (KOHA) |
| Source of classification or shelving scheme |
|
| Item type |
Books |